Introduction to organic and biological chemistry

Bewaard in:
Bibliografische gegevens
Hoofdauteur: Arnow, Leslie Earle
Formaat: Boek
Taal:Undetermined
Gepubliceerd in: St. Louis C. V. Mosby Co. 1943
Onderwerpen:
Tags: Voeg label toe
Geen labels, Wees de eerste die dit record labelt!
Thư viện lưu trữ: Trung tâm Học liệu Trường Đại học Cần Thơ
LEADER 00571nam a2200181Ia 4500
001 CTU_149501
008 210402s9999 xx 000 0 und d
082 |a 547 
082 |b A751 
100 |a Arnow, Leslie Earle 
245 0 |a Introduction to organic and biological chemistry 
245 0 |c L. Earle Arnow and Henry C. Reitz 
260 |a St. Louis 
260 |b C. V. Mosby Co. 
260 |c 1943 
650 |a Chemistry, Organic,Biochemistry,Hóa học, hữu cơ,Hóa sinh 
904 |i Trọng Hải 
980 |a Trung tâm Học liệu Trường Đại học Cần Thơ